Los Bad Boys del fútbol /
Breves biografías de 34 futbolistas reconocidos mundialmente por sus habilidades y técnicas deportivas, al igual que por sus explosiones violentas dentro y fuera de la cancha de juego, y sus escándalos por consumo de drogas y alcohol, conductas sexuales y despilfarros. Entre las figuras se encuentra...
Guardat en:
| Autor principal: | |
|---|---|
| Altres autors: | , |
| Format: | Llibre |
| Idioma: | espanyol |
| Publicat: |
Madrid, España :
T y B,
2018, c2018
|
| Matèries: | |
| Etiquetes: |
Sense etiquetes, Sigues el primer a etiquetar aquest registre!
|
MARC
| LEADER | 00000nam^a2200000^a^4500 | ||
|---|---|---|---|
| 001 | 000420584 | ||
| 005 | 20250521000000.0 | ||
| 009 | 20260310122514.299 | ||
| 020 | |a 978-84-948809-0-2 | ||
| 037 | |a Acervo ITESO - Biblioteca | ||
| 041 | |a ESP | ||
| 082 | |a 796. 33408 |b BOU | ||
| 100 | |a Bouchard, Jean-Philippe |e (autor) | ||
| 245 | 1 | 4 | |a Los Bad Boys del fútbol / |c J.P. Bouchard ; pról.. de L. Fernández ; tr. por R. Valero. |
| 264 | 4 | |a Madrid, España : |b T y B, |c 2018, c2018 | |
| 300 | |a 253 p. | ||
| 336 | |a texto |b txt |2 rdacontenido | ||
| 337 | |a sin mediación |b n |2 rdamedio | ||
| 338 | |a volumen |b nc |2 rdasoporte | ||
| 520 | |a Breves biografías de 34 futbolistas reconocidos mundialmente por sus habilidades y técnicas deportivas, al igual que por sus explosiones violentas dentro y fuera de la cancha de juego, y sus escándalos por consumo de drogas y alcohol, conductas sexuales y despilfarros. Entre las figuras se encuentran: George Best, Lothar Matthäus, Diego Armando Maradona y Zinédine Zidane, entre otros. | ||
| 649 | |a XX | ||
| 650 | |a Futbolistas - |x Biografías - |x Tema Principal | ||
| 650 | |a Deportistas Profesionales - |x Biografías | ||
| 650 | |a Futbol - |x Historia - |y Siglo XX | ||
| 650 | |a Futbol - |x Historia - |y Siglo XXI | ||
| 650 | |a Deportes - |x Historia - |y Siglo XX | ||
| 650 | |a Deportes - |x Historia - |y Siglo XXI | ||
| 650 | |a Deportes | ||
| 700 | |a Fernández, Luis |e (prólogo) | ||
| 700 | |a Valero, Rocío |e (traducción) | ||
| 910 | |a Fondo General | ||
| 920 | |a Impresos - Libros | ||
| 930 | |a Colección General | ||
| 905 | |a 101 | ||
| 901 | |a 0500339508 |b IT1 |c ACC |i C170532 |u 20250521 | ||
| 902 | |a https://opac.biblio.iteso.mx/vufind/Record/000420584 | ||